All Possessions of the French Colonial Empire on a Map - Statistics

General Stats
  • This quiz has been taken 1,718 times
  • The average score is 16 of 28
Answers on the Map
Answers color-coded by a green-red scale on the quiz's map according to % correct below.
 
Answer Stats
Answer % Correct
France
98%
France (Algeria)
98%
Madagascar
93%
Protectorate in Morocco
91%
Protectorate of Tunisia
91%
Mandate of Syria
90%
Cameroon
82%
Indochina
80%
Guiana
70%
West Africa
68%
French Polynesia
65%
New Caledonia
61%
Greater Lebanon
58%
Guadeloupe
58%
Martinique
57%
Saint Pierre and Miquelon
51%
Saint Martin
47%
Shanghai French Concession
43%
French India
40%
Somaliland
38%
French concession in Tianjin
35%
Saint Barthélemy
32%
Equatorial Africa
31%
Wallis and Futuna
25%
New Hebrides
21%
Clipperton Island
19%
Leased Territory of Guangzhouwan
9%
Shamian Island
4%
No matching quizzes found
Score Distribution
Percent of People with Each Score
Percentile by Number Answered
Your Score History
You have not taken this quiz